Conservación ex situ de la biodiversidad vegetal en Andalucía: Programas del Jardín Botánico de Córdoba (Registro nro. 9642)

Detalles MARC
000 -CABECERA
Campo de control 005630000a22001690004500
090 ## - CLASIFICACIÓN LOCAL
Colección AR
Consecutivo 00548
041 0# - IDIOMA
Código de idioma para texto/pista de sonido o título separado
100 1# - ASIENTO PRINCIPAL--NOMBRE PERSONAL
Nombre personal Hernández Bermejo, J. Esteban
245 10 - MENCION DE TITULO
Título Conservación ex situ de la biodiversidad vegetal en Andalucía: Programas del Jardín Botánico de Córdoba
650 14 - ASIENTO SECUNDARIO DE MATERIA - TERMINO TEMATICO
Término temático o nombre geográfico como elemento de entrada Jardines botánicos
650 14 - ASIENTO SECUNDARIO DE MATERIA - TERMINO TEMATICO
Término temático o nombre geográfico como elemento de entrada Recursos genéticos
650 14 - ASIENTO SECUNDARIO DE MATERIA - TERMINO TEMATICO
Término temático o nombre geográfico como elemento de entrada Biodiversidad vegetal
651 #4 - ASIENTO SECUNDARIO DE MATERIA - NOMBRE GEOGRAFICO
-- Córdoba
-- España
700 1# - ASIENTO SECUNDARIO - NOMBRE PERSONAL
Nombre personal Muñoz, Clemente
773 1# - Item fuente:
Título Preprint
Especificación de materiales 3
Paginas del Articulo 261-263
Lugar, editorial y fecha de publicación 1992?
942 ## - ELEMENTOS ADICIONALES (KOHA)
Tipo de ítem Artículo
Existencias
Withdrawn status Lost status Damaged status No para préstamo Colección Ubicación Permanente Ubicación actual Fecha de adquisición Fuente de Valor Datos de publicación Seriada Total Checkouts Número topográfico Inventario / Código de Barras Date last seen Ejemplar Price effective from Forma de adquisición Tipo de material
      No para Préstamo Hemeroteca Bogotá Bogotá 27/02/2015 Gast, Fernando Fuera de circulación   AR 00548 010858 25/03/2015 1 25/03/2015   Artículo